Statystyki dla Quiz o Trynidadzie i Tobago

Kliknij tutaj aby rozwiązać quiz!

Ogólne statystyki

  • Ten quiz został rozwiązany 448 razy
  • Średni wynik to 10 z 17

Statystyki odpowiedzi

WskazówkaOdpowiedź% Poprawnych
Język oficjalnyangielski
95%
Morze graniczące z Trynidadem i TobagoMorze {Karaibskie}
94%
Pierwszy Europejczyk, który dotarł
do Trynidadu i Tobago
Krzysztof Kolumb
90%
Najbliższe państwo kontynentalneWenezuela
89%
Grupa wysp, do których należy Trynidad i TobagoMałe {Antyle}
85%
WalutaDolar
80%
StolicaPort-of-Spain
71%
Raperka, która nagrała "Starships” i "Super Bass”Nicki Minaj
51%
147 000 osób z tego państwa zostało przywiezionych do Trynidadu i Tobago
w latach 1845–1917, jako służba kontraktowa
Indie
47%
Mityczne miasto, którego szukał Sir Walter Raleigh,
kiedy wylądował na Trynidadzie w 1595 roku
El Dorado
46%
Uroczystość, która odbywa się dwa dni przed Środą PopielcowąKarnawał
46%
Aktywność praktykowana w Trynidadzie, w której gracze
mogą się dowiedzieć "jak nisko mogą zejść”
Limbo
38%
Największe miasto w Tobago, nazwane na cześć
miasta w Yorkshire ze słynnym jarmarkiem
Scarborough
28%
Typ bębna oryginalnego z Trynidadu i Tobago
używanego w muzyce calypso
Steel pan
28%
Najbardziej zaludniona gminaChaguanas
27%
Najważniejszy eksportGaz ziemny
27%
Trynidadzki krykiecista, uważany za jednego z najwybitniejszych
graczy w dziejach dyscypliny
Brian Lara
26%

Rozkład punktacji

Percentyl według liczby udzielonych odpowiedzi

Procent ludzi z każdym wynikiem

Twoja historia wyników

Nie rozwiązałeś tego quizu